00558nam a2200169 i 450000100060000000300090000600500170001500700030003200800410003510000210007624501210009726000550021830000210027365100380029471000310033285200250036360723ES-MaACL20250902103425.0t|031106s1903 sp ||||1| spa d1 aEspinosa, Sixto.10aSidi Bel Abees b: conferencia pronunciada en la Real Sociedad Geográfica el 23 abril 1902 / cpor Sixto Espinosa. aAlmería : b[s.n.], c1903 (fImp. La Industria) a23 p. ; c21 cm. 4aSidi-Bel-Abbés-xDescripción.2 aReal Sociedad Geográfica aES-MaACLjT-1039-F-6